Northern New York Quiz - Statistics

General Stats
  • This quiz has been taken 8 times
  • The average score is 8 of 10
Answer Stats
Question Answer % Correct
In the northern part of New York it's called a blinker not a turn signal. True
100%
There is a mountain range in northern New York True
100%
Northern New York is home to the Eisenhower Lock and Dam True
100%
One of the best ski mountains in the Northeast US is in Northern New York. True
100%
You should visit northern New York True
100%
Lifesavers were invented in Northern New York False
67%
There is an interstate running through NORTHERN New York True
67%
The Raquette River, a river that flows through northern New York, has 24 dams. True
67%
The largest state park in the US has land in northern New York True
67%
Lake Placid, a small town in the Adirondacks has held the Winter Olympics thrice. False
33%
No matching quizzes found
Score Distribution
Percent of People with Each Score
Percentile by Number Answered
Your Score History
You have not taken this quiz